MARC

LEADER 00000nam0a2200000 4500
001 373192
005 20231101050630.0
035 |a (RuTPU)RU\TPU\retro\30619 
035 |a RU\TPU\book\303977 
090 |a 373192 
100 |a 20221215d1931 m y0rusy50 ca 
101 0 |a rus 
102 |a RU 
105 |a a z 001zy 
200 1 |a Контроль работы котельных установок  |h Ч. 1: Контроль топлива, тяги и дымовых газов  |f В. Л. Темкин  |g под ред. Ж. Л. Танер-Таненбаума 
205 |a 2-е изд. 
210 |a Москва  |a Ленинград  |c ОГИЗ  |c Государственное научно-техническое изд-во  |d 1931 
215 |a 200 с.  |c ил. 
225 1 |a Краткие руководства по специальным отраслям техники 
316 |5 63413507: М-133077  |a На титульном листе и обложке владельческая подпись: "Бутаков" 
317 |5 63413507: М-133077  |a Поступила в НТБ в 1970 г. в составе книжного собрания профессора ТПИ И. Н. Бутакова 
320 |a Алфавитный указатель: с. 197-200 
606 1 |a Котельные  |x Автоматизация  |2 stltpush  |3 (RuTPU)RU\TPU\subj\15926 
610 1 |a котельные установки 
610 1 |a топливо 
610 1 |a продукты горения 
610 1 |a тяга 
610 1 |a контроль 
610 1 |a приборы контроля 
610 1 |a владельческая надпись 
610 1 |a библиотека И. Н. Бутакова 
675 |a 621.18-5  |v 3 
700 1 |a Темкин  |b В. Л. 
702 1 |a Танер-Таненбаум  |b Ж. Л.  |4 340 
801 1 |a RU  |b 63413507  |c 20150112 
801 2 |a RU  |b 63413507  |c 20221215  |g RCR 
942 |c BK